Tale of the four dervishes (Record no. 411886)

MARC details
000 -LEADER
fixed length control field 00651nam a2200241Ia 4500
003 - CONTROL NUMBER IDENTIFIER
control field OSt
005 - DATE AND TIME OF LATEST TRANSACTION
control field 20220924122514.0
008 - FIXED-LENGTH DATA ELEMENTS--GENERAL INFORMATION
fixed length control field 220923b |||||||| |||| 00| 0 per d
037 ## - SOURCE OF ACQUISITION
Terms of availability Textual
040 ## - CATALOGING SOURCE
Original cataloging agency ARTS
Transcribing agency ARTS
Language of cataloging per
041 ## - LANGUAGE CODE
Source of code per
Language code of text/sound track or separate title per
100 ## - MAIN ENTRY--PERSONAL NAME
Personal name Khusru Amir
9 (RLIN) 189709
245 #0 - TITLE STATEMENT
Title Tale of the four dervishes
260 ## - PUBLICATION, DISTRIBUTION, ETC.
Place of publication, distribution, etc. London
Name of publisher, distributor, etc. The Octagon Press
Date of publication, distribution, etc. 1975
300 ## - PHYSICAL DESCRIPTION
Extent 148p.
Dimensions cm.
650 ## - SUBJECT ADDED ENTRY--TOPICAL TERM
Topical term or geographic name entry element PERSIAN LITERATURE
9 (RLIN) 309
942 ## - ADDED ENTRY ELEMENTS (KOHA)
Classification part O164,3G53x, 111L5
Koha item type Textual
Source of classification or shelving scheme Colon Classification (CC)
Holdings
Withdrawn status Lost status Damaged status Not for loan Home library Current library Date acquired Total Checkouts Full call number Barcode Date last seen Price effective from Koha item type
        Arts Library Arts Library 2022-09-24   O164,3G53x 111L5 CL0783298 2022-09-24 2022-09-24 Textual
Copyright @ Delhi University Library System